[Event "Titled Tue 26th Aug Early"]
[Site "chess.com INT"]
[Date "2025.08.26"]
[Round "7"]
[White "Zepeda Berlanga, Jan Enrique"]
[Black "Fronda, Jan Jodilyn"]
[Result "0-1"]
[WhiteTitle "CM"]
[BlackTitle "WIM"]
[WhiteElo "2003"]
[BlackElo "2115"]
[WhiteFideId "5132355"]
[BlackFideId "5204585"]
[EventDate "2025.08.26"]

1. e4 c5 2. Nf3 d6 3. d4 cxd4 4. Nxd4 Nf6 5. Nc3 a6 6. Be3 b5 7. a4 b4 8. Nd5
Nxe4 9. Bd3 Nc5 10. Nxb4 Bb7 11. O-O e5 12. Nf5 g6 13. Ng3 Bg7 14. Bc4 O-O 15.
Nd5 Nbd7 16. a5 Rc8 17. Qe2 Qh4 18. Ba2 Bxd5 19. Bxd5 Nf6 20. Qd2 Ng4 21. h3
Nxe3 22. Qxe3 Ne6 23. Bxe6 fxe6 24. Rad1 d5 25. Qe2 Qc4 26. c3 Qxe2 27. Nxe2 Rb8
28. b4 Rfc8 29. Rd3 e4 30. Re3 Rc4 31. Rd1 Kf7 32. Rg3 Be5 33. Rg5 Kf6 34. h4
Bxc3 35. Nxc3 Rxc3 36. Rg3 Rxg3 0-1

[Event "Titled Tue 26th Aug Early"]
[Site "chess.com INT"]
[Date "2025.08.26"]
[Round "7"]
[White "Megalios, Konstantinos"]
[Black "Germanovs, Georgijs"]
[Result "0-1"]
[WhiteTitle "IM"]
[BlackTitle "CM"]
[WhiteElo "2383"]
[BlackElo "2260"]
[WhiteFideId "4238044"]
[BlackFideId "11609710"]
[EventDate "2025.08.26"]

1. c4 Nf6 2. Nc3 c5 3. g3 g6 4. Bg2 Bg7 5. Nf3 O-O 6. O-O d6 7. d4 cxd4 8. Nxd4
Nc6 9. Nxc6 bxc6 10. Bxc6 Bh3 11. Bg2 Bxg2 12. Kxg2 Rc8 13. Qd3 Qc7 14. Be3 Qb7+
15. f3 Qxb2 16. Rab1 Qa3 17. Rfc1 Kh8 18. Rb3 Qa6 19. Nd5 Nxd5 20. cxd5 Qxa2 21.
Rb7 Rxc1 22. Bxc1 Bf6 23. Bh6 Rc8 24. Qb5 Bg7 25. Rb8 Bxh6 26. Rxc8+ Kg7 27. Rc7
Bg5 28. h4 Bf6 29. Kh3 h5 30. Qd3 Qa1 31. Kg2 Bd4 32. e3 Bc5 33. f4 a5 34. Rxe7
a4 35. Rc7 a3 36. f5 Qb2+ 37. Kh3 a2 38. fxg6 a1=Q 39. Rxf7+ Kg8 40. Rf8+ Kxf8
41. Qf5+ Qf6 42. Qc8+ Kg7 43. Qd7+ Kxg6 44. Qe8+ Qf7 45. Qe4+ Qf5+ 46. Qxf5+
Kxf5 0-1

[Event "Titled Tue 26th Aug Early"]
[Site "chess.com INT"]
[Date "2025.08.26"]
[Round "7"]
[White "Baches Garcia, Guillermo"]
[Black "Newansa, M Esandi"]
[Result "1-0"]
[WhiteTitle "IM"]
[BlackTitle "WFM"]
[WhiteElo "2305"]
[BlackElo "1951"]
[WhiteFideId "2209764"]
[BlackFideId "9999060"]
[EventDate "2025.08.26"]

1. Nf3 d5 2. d4 Nf6 3. c4 c6 4. Nc3 dxc4 5. e4 b5 6. Qc2 Bb7 7. Be2 e6 8. O-O a6
9. b3 cxb3 10. axb3 Be7 11. e5 Nd5 12. Nxd5 cxd5 13. Qd2 O-O 14. Qf4 f6 15. exf6
Bxf6 16. Qg4 Qd7 17. Bd3 Nc6 18. Bg5 h6 19. Bxh6 Nxd4 20. Nxd4 Bxd4 21. Qxd4
gxh6 22. Rae1 Rae8 23. Re5 Qg7 24. Rfe1 Rc8 25. h3 Kh8 26. Kh2 Rf7 27. R1e3 Rcf8
28. Rg3 Qf6 29. Rxe6 Qxd4 30. Rxh6+ Rh7 31. Rxh7# 1-0

[Event "Titled Tue 26th Aug Early"]
[Site "chess.com INT"]
[Date "2025.08.26"]
[Round "7"]
[White "Molaei, Mohammadamin"]
[Black "Banzea, Alexandru-Bogdan"]
[Result "1-0"]
[WhiteTitle "IM"]
[BlackTitle "IM"]
[WhiteElo "2325"]
[BlackElo "2394"]
[WhiteFideId "12541451"]
[BlackFideId "1232622"]
[EventDate "2025.08.26"]

1. d4 Nf6 2. c4 g6 3. Nc3 Bg7 4. e4 d6 5. Be2 O-O 6. Nf3 e5 7. O-O Qe8 8. dxe5
dxe5 9. h3 a5 10. Be3 Na6 11. a3 Qe7 12. Qc2 c6 13. Rfd1 Nh5 14. Na4 Be6 15. c5
Nc7 16. Rd6 Nf4 17. Bf1 Nb5 18. Bxb5 cxb5 19. Nb6 Rad8 20. Rad1 Qc7 21. b4 a4
22. Qd2 Rde8 23. Nxe5 Bxe5 24. Bxf4 Bxf4 25. Qxf4 Bb3 26. R1d4 Qe7 27. Nd7 1-0

[Event "Titled Tue 26th Aug Early"]
[Site "chess.com INT"]
[Date "2025.08.26"]
[Round "7"]
[White "Ugarte Soto, Cesar"]
[Black "Amarasinghe, A A C B"]
[Result "1-0"]
[WhiteTitle "CM"]
[BlackTitle "CM"]
[WhiteElo "2088"]
[BlackElo "1963"]
[WhiteFideId "3601331"]
[BlackFideId "9901809"]
[EventDate "2025.08.26"]

1. d4 Nf6 2. Bg5 g6 3. Bxf6 exf6 4. g3 Bg7 5. Bg2 f5 6. e3 O-O 7. Ne2 d6 8. Nd2
Nd7 9. O-O Nf6 10. c4 c6 11. Nc3 Re8 12. Qb3 Qc7 13. Rac1 a6 14. a4 a5 15. Rfd1
Nd7 16. Qc2 Nb8 17. d5 c5 18. Nb5 Qb6 19. Re1 Na6 20. e4 Nb4 21. Qb1 fxe4 22.
Bxe4 Bh6 23. f4 Bg7 24. Kg2 Bd7 25. b3 Re7 26. Bxg6 hxg6 27. Rxe7 Bf5 28. Ne4
Bf8 29. Rc7 Na6 30. Nf6+ Kg7 31. Qb2 Nxc7 32. Nd7+ Kh6 33. Qh8# 1-0

[Event "Titled Tue 26th Aug Early"]
[Site "chess.com INT"]
[Date "2025.08.26"]
[Round "7"]
[White "Ibarra Jerez, Jose Carlos"]
[Black "Erigaisi, Arjun"]
[Result "0-1"]
[WhiteTitle "GM"]
[BlackTitle "GM"]
[WhiteElo "2545"]
[BlackElo "2776"]
[WhiteFideId "2226332"]
[BlackFideId "35009192"]
[EventDate "2025.08.26"]

1. e4 d6 2. d4 g6 3. Nf3 Bg7 4. Bc4 Nc6 5. Ng5 Nh6 6. d5 Ne5 7. Be2 c6 8. O-O
cxd5 9. exd5 Nf5 10. f4 Nd7 11. c3 O-O 12. Kh1 Nf6 13. Na3 Bd7 14. Nc2 Qb6 15.
Bf3 Rac8 16. Ne4 Rfe8 17. Nxf6+ exf6 18. a4 a5 19. Na3 h5 20. Nb5 Bxb5 21. Qb3
Qf2 22. Qxb5 Re1 23. Bd2 Rxa1 24. Rxa1 Qxd2 25. Qxb7 Re8 26. h3 Re1+ 27. Rxe1
Qxe1+ 28. Kh2 Bh6 0-1

[Event "Titled Tue 26th Aug Early"]
[Site "chess.com INT"]
[Date "2025.08.26"]
[Round "7"]
[White "Krysa, Leandro"]
[Black "Zakarian, David"]
[Result "1-0"]
[WhiteTitle "GM"]
[BlackTitle "FM"]
[WhiteElo "2468"]
[BlackElo "2301"]
[WhiteFideId "116807"]
[BlackFideId "13301276"]
[EventDate "2025.08.26"]

1. e4 a6 2. d4 e6 3. Bd3 b5 4. a4 b4 5. a5 Bb7 6. Nf3 Nf6 7. Qe2 d6 8. O-O Nbd7
9. c3 bxc3 10. bxc3 e5 11. Bg5 Be7 12. Nbd2 h6 13. Bh4 Nh5 14. Bg3 Nxg3 15. hxg3
O-O 16. Rab1 Bc8 17. Nc4 Bf6 18. Ne3 Re8 19. Nd5 c6 20. Nb6 Nxb6 21. Rxb6 exd4
22. cxd4 c5 23. dxc5 dxc5 24. e5 c4 25. Bc2 Bxe5 26. Nxe5 Qd4 27. Qf3 Be6 28.
Rxe6 fxe6 29. Qf7+ Kh8 30. Ng6+ Kh7 31. Ne7+ Kh8 32. Qg6 Qd3 33. Bxd3 cxd3 34.
Nc6 d2 35. Rd1 Rac8 36. Rxd2 1-0

[Event "Titled Tue 26th Aug Early"]
[Site "chess.com INT"]
[Date "2025.08.26"]
[Round "7"]
[White "Terry, Renato"]
[Black "Galchenko, Matvey"]
[Result "1-0"]
[WhiteTitle "IM"]
[BlackTitle "IM"]
[WhiteElo "2508"]
[BlackElo "2435"]
[WhiteFideId "3803457"]
[BlackFideId "24175480"]
[EventDate "2025.08.26"]

1. d4 Nf6 2. Nf3 c5 3. d5 b5 4. Bg5 g6 5. Bxf6 exf6 6. e4 b4 7. Nbd2 Bg7 8. Nc4
O-O 9. Bd3 a5 10. O-O Ba6 11. Ne3 d6 12. Bxa6 Nxa6 13. Rb1 Re8 14. Nd2 a4 15.
Re1 Nc7 16. Nec4 Nb5 17. a3 Qc7 18. Qf3 Rab8 19. Qd3 Qd7 20. Na5 bxa3 21. bxa3
Nd4 22. c3 Nb3 23. Nc6 Rb6 24. Nc4 Rb7 25. Qg3 Bf8 26. Qf4 Kg7 27. h4 h5 28. f3
Rb5 29. Kh2 f5 30. exf5 Rxe1 31. f6+ Kh7 32. Rxe1 Bh6 33. Qe4 Rb7 34. Qe7 Nd2
35. Qxd7 Rxd7 36. Re7 1-0

[Event "Titled Tue 26th Aug Early"]
[Site "chess.com INT"]
[Date "2025.08.26"]
[Round "7"]
[White "Bulgak, Damir"]
[Black "Tallada Serret, Gerard"]
[Result "1-0"]
[WhiteTitle "CM"]
[BlackTitle "CM"]
[WhiteElo "2254"]
[BlackElo "2091"]
[WhiteFideId "13528882"]
[BlackFideId "54764190"]
[EventDate "2025.08.26"]

1. e4 e5 2. Nf3 Nf6 3. Nxe5 Nc6 4. d4 Nxe5 5. dxe5 Nxe4 6. Bc4 c6 7. O-O Bc5 8.
Qg4 Nxf2 9. Qxg7 Rf8 10. Rxf2 Bxf2+ 11. Kxf2 Qh4+ 12. g3 Qxc4 13. Bh6 Qc5+ 14.
Ke2 b6 15. Qxf8+ Qxf8 16. Bxf8 Kxf8 17. Ke3 Ke7 18. Nd2 d5 19. exd6+ Kxd6 20.
Ne4+ Kc7 21. Rf1 Be6 22. Ng5 Bc4 23. Rf4 Re8+ 24. Kd2 Re2+ 25. Kd1 Ba6 26. Rxf7+
Kb8 27. Rxh7 Rg2 28. b3 Bb5 29. a4 Be2+ 30. Kc1 Bg4 31. Rh8+ Kb7 32. Ne4 1-0

[Event "Titled Tue 26th Aug Early"]
[Site "chess.com INT"]
[Date "2025.08.26"]
[Round "7"]
[White "Khusnitdinova, Husnorakhon"]
[Black "Montejo Bello, Lorena Beatriz"]
[Result "0-1"]
[WhiteTitle "WCM"]
[BlackTitle "WFM"]
[WhiteElo "1804"]
[BlackElo "2218"]
[WhiteFideId "14228106"]
[BlackFideId "3529045"]
[EventDate "2025.08.26"]

1. e4 e5 2. Nf3 Nc6 3. Nc3 Nf6 4. d4 exd4 5. Nxd4 Bb4 6. Nxc6 bxc6 7. Bd3 d5 8.
exd5 cxd5 9. O-O O-O 10. Bg5 c6 11. Qf3 Bd6 12. Bxf6 Qxf6 13. Qxf6 gxf6 14. Ne2
Rb8 15. Rab1 c5 16. c3 Be6 17. f4 Rb6 18. f5 Bd7 19. Nf4 Bc6 20. Nh5 Be5 21. Be2
Rfb8 22. b3 Bxc3 23. Bf3 c4 24. Rfc1 Bd4+ 25. Kh1 Be5 26. g3 a5 27. Kg2 a4 28.
Nf4 Bxf4 29. gxf4 axb3 30. axb3 Rxb3 31. Rxb3 Rxb3 32. Rc2 Kf8 33. Rd2 Rb5 34.
Kg3 Ke7 35. Re2+ Kd6 36. Bh5 Rb7 37. Kh4 d4 38. Rc2 Bd5 39. Rd2 Kc5 40. Ra2 c3
41. Ra6 c2 42. Rxf6 0-1

[Event "Titled Tue 26th Aug Early"]
[Site "chess.com INT"]
[Date "2025.08.26"]
[Round "7"]
[White "Owen, Garth I"]
[Black "Oluka Robert Mcligeyo"]
[Result "0-1"]
[WhiteTitle "CM"]
[BlackTitle "CM"]
[WhiteElo "1807"]
[BlackElo "2081"]
[WhiteFideId "10700382"]
[BlackFideId "10814647"]
[EventDate "2025.08.26"]

1. e4 c5 2. Nf3 d6 3. d4 cxd4 4. Nxd4 Nf6 5. Nc3 a6 6. f3 e6 7. Be3 b5 8. Qd2
Be7 9. g4 Bb7 10. h4 Qc7 11. h5 Nc6 12. g5 Nd7 13. O-O-O Nxd4 14. Bxd4 O-O 15.
g6 b4 16. Ne2 Ne5 17. gxh7+ Kxh7 18. Qxb4 Rac8 19. Nc3 Nxf3 20. Bxg7 Kxg7 21.
Bd3 Bg5+ 22. Kb1 Qc5 23. Qb3 Rb8 24. Na4 Qe5 25. Qc3 Qxc3 26. Nxc3 Kh6 27. Rdf1
Ne5 28. Ne2 d5 29. exd5 Bxd5 30. Rhg1 Rg8 0-1

[Event "Titled Tue 26th Aug Early"]
[Site "chess.com INT"]
[Date "2025.08.26"]
[Round "7"]
[White "Perez Gormaz, Matias"]
[Black "Dubnevych, Maksym"]
[Result "0-1"]
[WhiteTitle "IM"]
[BlackTitle "FM"]
[WhiteElo "2381"]
[BlackElo "2296"]
[WhiteFideId "3406342"]
[BlackFideId "14184001"]
[EventDate "2025.08.26"]

1. e4 e5 2. Nf3 Nc6 3. Bc4 Nf6 4. d3 Be7 5. O-O O-O 6. Nc3 d6 7. a4 h6 8. a5 a6
9. h3 Be6 10. Nd5 Nb8 11. Re1 c6 12. Nb6 Ra7 13. Bxe6 fxe6 14. Be3 c5 15. c3
Nbd7 16. Qb3 Kf7 17. Nc4 Qc7 18. Rad1 Raa8 19. Qa2 d5 20. Nb6 Nxb6 21. axb6 Qxb6
22. Nxe5+ Kg8 23. f3 Kh7 24. Qb1 d4 25. Bf2 Rad8 26. cxd4 cxd4 27. Rc1 Qb5 28.
Ng4 Nh5 29. Rc7 Bd6 30. Rc4 Bg3 31. Qc2 Rf7 32. Rc1 Bxf2+ 33. Qxf2 Nf4 34. Rd1
Nxd3 35. Qc2 Nxb2 0-1

[Event "Titled Tue 26th Aug Early"]
[Site "chess.com INT"]
[Date "2025.08.26"]
[Round "7"]
[White "Ljukin, Sergei"]
[Black "Loftgaard, Mikkel Vinh"]
[Result "1-0"]
[WhiteTitle "FM"]
[BlackTitle "FM"]
[WhiteElo "2362"]
[BlackElo "2281"]
[WhiteFideId "14102200"]
[BlackFideId "1468480"]
[EventDate "2025.08.26"]

1. e4 c5 2. Nf3 e6 3. d4 cxd4 4. Nxd4 Nf6 5. Nc3 Nc6 6. Nxc6 bxc6 7. e5 Nd5 8.
Ne4 Qc7 9. f4 Qb6 10. c4 Ne3 11. Qd3 Bb4+ 12. Bd2 O-O 13. a3 Bxd2+ 14. Qxd2 a5
15. c5 Qb3 16. Nc3 Nc2+ 17. Kf2 Nxa1 18. Bd3 Ba6 19. Bxa6 Rxa6 20. Rxa1 Rb8 21.
Rb1 Qc4 22. Qxd7 Qxf4+ 23. Kg1 Qxe5 24. h3 Qxc5+ 25. Kh1 Raa8 26. Rd1 g6 27. Ne4
Qe5 28. Re1 Rxb2 29. Qe7 Kg7 30. Rf1 Rf8 31. Ng5 Qg3 32. Nxe6+ Kh6 33. Qxf8+ Kh5
34. Nf4+ Kg5 35. Qxf7 Rd2 36. Ne6+ Kh4 37. Qxh7# 1-0

[Event "Titled Tue 26th Aug Early"]
[Site "chess.com INT"]
[Date "2025.08.26"]
[Round "7"]
[White "Henriquez Villagra, Cristobal"]
[Black "Carlsen, Magnus"]
[Result "0-1"]
[WhiteTitle "GM"]
[BlackTitle "GM"]
[WhiteElo "2592"]
[BlackElo "2839"]
[WhiteFideId "3409350"]
[BlackFideId "1503014"]
[EventDate "2025.08.26"]

1. e4 g6 2. d4 d6 3. Nc3 Bg7 4. f4 a6 5. Nf3 b5 6. Bd3 Nd7 7. a4 b4 8. Ne2 c5 9.
c3 bxc3 10. bxc3 cxd4 11. cxd4 Ngf6 12. O-O O-O 13. a5 Rb8 14. f5 gxf5 15. exf5
Nd5 16. Qe1 N7f6 17. Ra3 Bd7 18. Qg3 Kh8 19. Ng5 Bb5 20. Qh4 h6 21. Ne6 fxe6 22.
Bxh6 Bxh6 23. Qxh6+ Nh7 24. f6 Rf7 25. Bxb5 Rxb5 26. Rg3 Qf8 0-1

[Event "Titled Tue 26th Aug Early"]
[Site "chess.com INT"]
[Date "2025.08.26"]
[Round "7"]
[White "Petrenko, Maryna"]
[Black "Pontes, Luiz Felizola Lima"]
[Result "1-0"]
[WhiteTitle "WFM"]
[WhiteElo "1972"]
[BlackElo "1871"]
[WhiteFideId "14197820"]
[BlackFideId "44709919"]
[EventDate "2025.08.26"]

1. d4 d5 2. c4 c6 3. Nf3 Nf6 4. g3 Bg4 5. Ne5 Be6 6. Bg2 dxc4 7. Na3 Nbd7 8.
Naxc4 g6 9. O-O Bg7 10. Qc2 O-O 11. Rd1 Nd5 12. a3 N7b6 13. Nxb6 Nxb6 14. Bf4
Bd5 15. e4 Be6 16. Rac1 Rc8 17. b4 Nd7 18. Nc4 Bxc4 19. Qxc4 Qb6 20. Be3 Qc7 21.
d5 Nb6 22. Qd3 Rfd8 23. Qe2 Qb8 24. Bh3 Rc7 25. Bf4 1-0

[Event "Titled Tue 26th Aug Early"]
[Site "chess.com INT"]
[Date "2025.08.26"]
[Round "7"]
[White "Yeletsky, Ivan"]
[Black "Grutter, Tim"]
[Result "1-0"]
[WhiteTitle "FM"]
[BlackTitle "IM"]
[WhiteElo "2469"]
[BlackElo "2402"]
[WhiteFideId "24180327"]
[BlackFideId "1057472"]
[EventDate "2025.08.26"]

1. b3 a6 2. g3 Nf6 3. Bb2 g6 4. Bg2 Bg7 5. e4 d6 6. d4 O-O 7. Ne2 e5 8. O-O exd4
9. Nxd4 Re8 10. Nd2 c6 11. a4 a5 12. Re1 Nbd7 13. Nc4 Nc5 14. e5 dxe5 15. Rxe5
Rxe5 16. Nxe5 Nd5 17. Ndxc6 bxc6 18. Nxc6 Bg4 19. Qxd5 Qxd5 20. Ne7+ Kf8 21.
Bxg7+ Kxe7 22. Bxd5 Rd8 23. Re1+ Be6 24. Bxe6 Nxe6 25. Bc3 Rc8 26. Re3 Kd6 27.
Rd3+ Ke7 28. Kf1 Rc5 29. Ke2 f5 30. Kd2 f4 31. h4 g5 32. Bb2 gxh4 33. Ba3 h3 34.
gxf4 Kf6 35. Bxc5 Nxf4 36. Re3 h2 37. Re1 Ne6 38. Be3 1-0

[Event "Titled Tue 26th Aug Early"]
[Site "chess.com INT"]
[Date "2025.08.26"]
[Round "7"]
[White "Weetik, Vjacheslav"]
[Black "Droin, Augustin"]
[Result "1-0"]
[WhiteTitle "FM"]
[BlackTitle "IM"]
[WhiteElo "2423"]
[BlackElo "2481"]
[WhiteFideId "4153472"]
[BlackFideId "45105987"]
[EventDate "2025.08.26"]

1. Nf3 d5 2. g3 Nd7 3. d4 Nb6 4. Nc3 Nf6 5. Bg2 h6 6. Qd3 g6 7. e4 Nxe4 8. Nxe4
Bf5 9. Nfd2 Bg7 10. c3 O-O 11. O-O dxe4 12. Bxe4 Bxe4 13. Qxe4 c6 14. Re1 Re8
15. Nf3 Qd5 16. Qe2 a5 17. b3 a4 18. c4 Qh5 19. Be3 Nd7 20. Kg2 e5 21. dxe5 Nxe5
22. Nxe5 Qxe2 23. Rxe2 Rxe5 24. Rd1 axb3 25. axb3 Ra3 26. Rd8+ Kh7 27. Rd7 Rxb3
28. Rxf7 Rf5 29. Rd7 Kg8 30. Bf4 g5 31. Re8+ Rf8 32. Rxf8+ Bxf8 33. Be3 b5 34.
cxb5 cxb5 35. Rb7 b4 36. Kf3 Bc5 37. Ke4 Bxe3 38. fxe3 Rb2 39. Kf5 b3 40. Kg6 g4
41. Rb8# 1-0

[Event "Titled Tue 26th Aug Early"]
[Site "chess.com INT"]
[Date "2025.08.26"]
[Round "7"]
[White "Dreelinck, Jacob"]
[Black "Gavarrete, Nahun"]
[Result "1-0"]
[WhiteTitle "FM"]
[BlackTitle "FM"]
[WhiteElo "2278"]
[BlackElo "2281"]
[WhiteFideId "250511"]
[BlackFideId "8400709"]
[EventDate "2025.08.26"]

1. e4 e5 2. f4 d6 3. Nf3 Nc6 4. Bb5 Bg4 5. d3 Be7 6. O-O Nf6 7. h3 Bxf3 8. Qxf3
O-O 9. Bxc6 bxc6 10. fxe5 dxe5 11. Be3 Nd7 12. Nd2 Nb6 13. a4 a5 14. b3 Bb4 15.
Nc4 Nxc4 16. bxc4 Qd7 17. Rf2 Qd6 18. Raf1 f6 19. g4 h6 20. h4 Bc5 21. Bxc5 Qxc5
22. Kh2 Qb4 23. Qf5 Qe7 24. Kh3 Rad8 25. Rg2 Qd7 26. Qf2 Kh8 27. Kh2 Qd6 28. Rg3
g5 29. Qf5 Kg7 30. Rh3 Rh8 31. h5 Kf7 32. Qg6+ Ke7 33. Qg7+ Ke8 34. Qxh8+ Kd7
35. Qxf6 Qd4 36. Qf5+ Kd6 37. Rhf3 Kc5 38. Qf6 Rd6 39. Qf8 Qc3 40. R1f2 Qe1 41.
Qb8 Qc3 42. Qb3 Qe1 43. Qa3+ Kb6 44. c5+ Kb7 45. cxd6 cxd6 46. Rf7+ Ka6 47. Qb2
Qb4 48. Qxb4 axb4 49. R7f6 Ka5 50. Rxd6 Kxa4 51. Rxh6 b3 52. Rxc6 b2 53. Rb6 Ka3
54. c4 b1=Q 55. Rxb1 Ka4 56. Ra2# 1-0

[Event "Titled Tue 26th Aug Early"]
[Site "chess.com INT"]
[Date "2025.08.26"]
[Round "7"]
[White "Iskusnyh, Sergei"]
[Black "Koridze, Lile"]
[Result "0-1"]
[WhiteTitle "GM"]
[BlackTitle "WFM"]
[WhiteElo "2440"]
[BlackElo "2110"]
[WhiteFideId "4120027"]
[BlackFideId "13612514"]
[EventDate "2025.08.26"]

1. d4 d5 2. c4 e6 3. g3 Nf6 4. Bg2 Bb4+ 5. Bd2 Be7 6. Nf3 O-O 7. O-O c5 8. cxd5
cxd4 9. Nxd4 Nxd5 10. Nc3 Nxc3 11. Bxc3 Bf6 12. Qa4 Nd7 13. Rfd1 Qb6 14. Nb3
Bxc3 15. bxc3 Ne5 16. Qd4 Qc7 17. Qc5 Qxc5 18. Nxc5 Rb8 19. Rab1 b6 20. f4 Ng4
21. Nd7 Bxd7 22. Rxd7 a5 23. Rc7 Ne3 24. Be4 Rfd8 25. a4 g6 26. Bd3 Nd5 27. Rc6
Rdc8 28. Rxc8+ Rxc8 29. c4 Nb4 30. Kf2 Rd8 31. Ke3 Rd6 32. Rc1 Rc6 33. Kd4 Kf8
34. g4 Ke7 35. g5 Rd6+ 36. Ke3 Rc6 37. h4 Rd6 38. h5 Kf8 39. hxg6 hxg6 40. Ke4
Ke7 41. Rh1 Nc6 42. Rh8 Rd8 43. Rh7 Nd4 44. Ke3 Nf5+ 45. Bxf5 exf5 46. Rh1 Rd6
47. Rb1 Kd7 48. Rb5 Kc6 49. c5 bxc5 50. Rxc5+ Kxc5 0-1

[Event "Titled Tue 26th Aug Early"]
[Site "chess.com INT"]
[Date "2025.08.26"]
[Round "7"]
[White "Kaufman, David"]
[Black "Southcott-Moyers, Indy"]
[Result "0-1"]
[WhiteTitle "IM"]
[BlackTitle "FM"]
[WhiteElo "2447"]
[BlackElo "2276"]
[WhiteFideId "34220194"]
[BlackFideId "488542"]
[EventDate "2025.08.26"]

1. d4 d5 2. c4 e6 3. Nf3 Nf6 4. Nc3 a6 5. cxd5 exd5 6. Bf4 Bd6 7. e3 O-O 8. Bd3
Bxf4 9. exf4 Bg4 10. O-O Nc6 11. Be2 Bxf3 12. Bxf3 Qd6 13. Qd2 Rfe8 14. Rfe1 g6
15. Re5 Qb4 16. a3 Qxd4 17. Qxd4 Nxd4 18. Bxd5 c6 19. Rd1 Nxd5 20. Nxd5 cxd5 21.
Rxd4 f6 22. Re3 Rac8 23. Kf1 Rxe3 24. fxe3 Rc2 25. b4 Ra2 26. Rxd5 Rxa3 27. Rd8+
Kg7 28. Rd7+ Kh6 29. Rxb7 Rxe3 30. Rb6 Re4 31. g3 f5 32. Kg2 Kg7 33. Kf3 h5 34.
Kg2 Kh6 35. Kh3 Rc4 36. Kh4 Re4 37. h3 Rc4 38. Rb8 g5# 0-1

[Event "Titled Tue 26th Aug Early"]
[Site "chess.com INT"]
[Date "2025.08.26"]
[Round "7"]
[White "Silva, Luca"]
[Black "Ruperez Benito, Antonio"]
[Result "1-0"]
[WhiteTitle "FM"]
[BlackTitle "FM"]
[WhiteElo "2214"]
[BlackElo "2328"]
[WhiteFideId "147370"]
[BlackFideId "22245049"]
[EventDate "2025.08.26"]

1. e4 e6 2. d4 d5 3. Nc3 Bb4 4. Ne2 dxe4 5. a3 Bxc3+ 6. Nxc3 Nc6 7. Bf4 Nge7 8.
Qd2 O-O 9. O-O-O Nd5 10. Bg5 f6 11. Bh4 Nxc3 12. Qxc3 Ne7 13. Bc4 Nd5 14. Qb3
Qd6 15. Bg3 Qd7 16. Rhe1 f5 17. f3 f4 18. fxe4 fxg3 19. exd5 gxh2 20. dxe6 Qe7
21. Qb4 Re8 22. d5 Qh4 23. Bb3 Qg5+ 24. Kb1 Qxg2 25. Qf4 Bxe6 26. dxe6 h6 27.
Rh1 c5 28. Rxh2 Qc6 29. Rg1 Rxe6 30. Rhg2 Re8 31. Rxg7+ Kh8 32. Bxe6 Qxe6 33.
R7g6 1-0

[Event "Titled Tue 26th Aug Early"]
[Site "chess.com INT"]
[Date "2025.08.26"]
[Round "7"]
[White "Gong, Qianyun"]
[Black "Zouaghi, Amir"]
[Result "0-1"]
[WhiteTitle "WGM"]
[BlackTitle "FM"]
[WhiteElo "2229"]
[BlackElo "2301"]
[WhiteFideId "8602425"]
[BlackFideId "249262"]
[EventDate "2025.08.26"]

1. d4 c5 2. d5 e5 3. c4 d6 4. Nc3 Be7 5. g3 Bg5 6. e3 h5 7. h4 Be7 8. Be2 g6 9.
Nf3 Bg4 10. Ng5 Bxe2 11. Qxe2 Bxg5 12. hxg5 Qxg5 13. g4 Nf6 14. Nb5 Kd7 15. gxh5
Rxh5 16. Rxh5 Qxh5 17. Qc2 Qh1+ 18. Ke2 Qh5+ 19. Ke1 Na6 20. Qa4 Ke7 21. a3 Qg4
22. Nc3 Rh8 23. Kd2 Rh2 24. Kc2 Qf5+ 25. Kb3 Rxf2 26. Ka2 Qc2 27. Qb5 Qxc3 28.
e4 Nc7 29. Qxb7 Qxc4+ 30. Kb1 Qxe4+ 31. Ka2 Qxd5+ 32. Qxd5 Nfxd5 0-1

[Event "Titled Tue 26th Aug Early"]
[Site "chess.com INT"]
[Date "2025.08.26"]
[Round "7"]
[White "Srihari, L"]
[Black "Ganiev, Artur"]
[Result "1-0"]
[WhiteTitle "IM"]
[WhiteElo "2368"]
[BlackElo "2247"]
[WhiteFideId "46642056"]
[BlackFideId "34391550"]
[EventDate "2025.08.26"]

1. c4 Nf6 2. Nf3 e6 3. e3 d5 4. Nc3 c5 5. cxd5 exd5 6. d4 Nc6 7. Bb5 Be7 8. O-O
O-O 9. Bxc6 bxc6 10. dxc5 Bxc5 11. b3 Bg4 12. Bb2 Bd6 13. Ne2 Rc8 14. Rc1 Qe7
15. Ng3 Ba3 16. Bxa3 Qxa3 17. Rc2 Qd6 18. h3 Bd7 19. Nd4 c5 20. Nde2 Be6 21. Rd2
Rfd8 22. Nf4 Qe5 23. Nxe6 Qxe6 24. Qf3 Ne4 25. Nxe4 dxe4 26. Qe2 Rxd2 27. Qxd2
c4 28. Rc1 cxb3 29. Rxc8+ Qxc8 30. axb3 h6 31. Qd5 Qc1+ 32. Kh2 Qc2 33. Kg3 g6
34. Qd8+ Kg7 35. Qd4+ Kg8 36. Qxa7 Qxb3 37. Qa8+ Kg7 38. Qxe4 h5 39. Qd4+ Kg8
40. Kf3 Qb7+ 41. Qe4 Qb3 42. g4 hxg4+ 43. hxg4 Qd1+ 44. Kg2 Kg7 45. Qd4+ Qxd4
46. exd4 Kf6 47. Kf3 Ke6 48. Ke4 g5 49. d5+ Kd6 50. Kd4 1-0

[Event "Titled Tue 26th Aug Early"]
[Site "chess.com INT"]
[Date "2025.08.26"]
[Round "7"]
[White "Mekhitarian, Krikor Sevag"]
[Black "Krzywda, Andrzej"]
[Result "1-0"]
[WhiteTitle "GM"]
[BlackTitle "CM"]
[WhiteElo "2549"]
[BlackElo "2149"]
[WhiteFideId "2107660"]
[BlackFideId "1114565"]
[EventDate "2025.08.26"]

1. Nf3 c5 2. c4 b6 3. Nc3 Bb7 4. e4 d6 5. d4 cxd4 6. Nxd4 g6 7. Be3 Bg7 8. Be2
Nf6 9. f3 O-O 10. O-O Nbd7 11. Qd2 a6 12. Rac1 Rc8 13. Rfd1 Re8 14. b3 Qc7 15.
Bf2 Qb8 16. Bf1 h5 17. b4 Ne5 18. Nd5 Ned7 19. Nb3 Ba8 20. a4 Nxd5 21. cxd5 Bb7
22. Nd4 Ne5 23. b5 axb5 24. axb5 Rxc1 25. Rxc1 Rc8 26. Nc6 Qc7 27. Qe3 Kf8 28.
Qxb6 Qxb6 29. Bxb6 e6 30. Be3 exd5 31. exd5 Nd7 32. Kf2 Ra8 33. Rc2 Ne5 34. h3
Ra3 35. b6 Nd3+ 36. Bxd3 Rxd3 37. Na5 Bxd5 38. b7 Bxb7 39. Nxb7 d5 40. Nc5 1-0